000 00792nam a2200253Ia 4500
003 OSt
005 20220926022825.0
006 a|||||r|||| 00| 0
007 ta
008 220923b |||||||| |||| 00| 0 eng d
020 _a9781781683279
_c795.10000000000002
037 _bBBS/8, 07/08/2014, Better Book Service
_cGeneral Book
040 _aRTL
_cRTL
_beng
041 _2eng
_aeng
082 _aY9(X:3L), Q4
100 _aKUNKEL Benjamin
_9328301
245 0 _aUtopia or bust
_b A guide to the present crisis
260 _aNew York
_bVerso
_c2014
300 _a180p
_ccm.
500 _aBibliography: P 280-292
650 _aSociology
942 _hY9(X:3L), Q4
_cGB
_2CC
999 _c640320
_d640320